El arte del asesinato: 11 relatos de crimen e investigación (Registro nro. 10034)
[ vista simple ]
| 000 -Cabecera | |
|---|---|
| Campo de control de longitud fija | 00594nam a22002297a 4500 |
| 005 - Fecha y hora de la última transacción | |
| Campo de control | 20241015133140.0 |
| 008 - Elementos de longitud fija--Información general | |
| Campo de control de longitud fija | 171206b xxu||||| |||| 00| 0 spa d |
| 020 ## - International Standard Book Number | |
| Número Internacional Estándar del Libro (ISBN) | 8477025266 |
| 041 ## - Idioma | |
| Código de idioma | Español |
| 082 ## - Clasificación Decimal Dewey | |
| Número de clasificación | 823.91 Ch525a |
| 100 ## - Entrada principal--Autor personal | |
| Nombre personal | Chesterton, Gilbert K |
| 9 (RLIN) | 44797 |
| 245 ## - Título propiamente dicho | |
| Título | El arte del asesinato: 11 relatos de crimen e investigación |
| 260 ## - Pie de imprenta | |
| Lugar de publicación, distribución, etc. | España |
| 260 ## - Pie de imprenta | |
| Nombre del editor, distribuidor, etc. | Valdemar |
| 260 ## - Pie de imprenta | |
| Fecha de publicación, distribución, etc. | 2005 |
| 300 ## - Descripción física | |
| Extensión | 312 páginas |
| 650 ## - Materia general | |
| Temática (materia general) | LITERATURA INGLESA |
| 650 ## - Materia general | |
| Temática (materia general) | CRIMEN |
| 650 ## - Materia general | |
| Temática (materia general) | CUENTOS INGLESES |
| 650 ## - Materia general | |
| Temática (materia general) | INVESTIGACIÓN POLICIAL |
| 942 ## - Punto de acceso adicional KOHA | |
| Tipo de ítem KOHA | Literatura |
| Fuente del sistema de clasificación o colocación | Dewey Decimal Classification |
| Signatura completa | Código de barras | Tipo de ítem |
|---|---|---|
| 823.91 Ch525a | 17716 | Literatura |